The Brainerd journal : a mission to the Cherokees, 1817-1823 /

Bibliographic Details
Other Authors: Phillips, Joyce B., 1948-, Phillips, Paul Gary, 1945-
Format: Book
Language:English
Published: Lincoln : University of Nebraska Press, [1998]
Series:Indians of the Southeast.
Subjects:

MARC

Tag First Indicator Second Indicator Subfields
LEADER 00000cam a2200000 a 4500
001 in00001461321
005 20151021053210.0
008 980330s1999 nbuab b s001 0 eng
010 |a  98004021  
020 |a 0803237189 (cl : alk. paper) 
035 |a (OCoLC)38924522 
035 |9 AJE6961AM 
040 |a DLC  |c DLC  |d TXA  |d UtOrBLW 
043 |a n-us-tn 
049 |a TXAM 
050 0 0 |a E99.C5  |b B748 1999 
082 0 0 |a 976.8/8204  |2 21 
245 0 4 |a The Brainerd journal :  |b a mission to the Cherokees, 1817-1823 /  |c edited and introduced by Joyce B. Phillips and Paul Gary Phillips. 
264 1 |a Lincoln :  |b University of Nebraska Press,  |c [1998] 
264 4 |c ©1998 
300 |a 584 pages :  |b illustrations, maps ;  |c 24 cm. 
336 |a text  |b txt  |2 rdacontent 
337 |a unmediated  |b n  |2 rdamedia 
338 |a volume  |b nc  |2 rdacarrier 
490 1 |a Indians of the Southeast 
504 |a Includes bibliographical references ([548]-259) and index. 
610 2 0 |a Brainerd Mission  |x History. 
650 0 |a Cherokee Indians  |x Missions. 
650 0 |a Cherokee Indians  |x History  |y 19th century  |x Sources. 
650 0 |a Missionaries  |z Tennessee  |x Diaries. 
650 0 |a Missionaries  |z Tennessee  |x Correspondence. 
700 1 |a Phillips, Joyce B.,  |d 1948- 
700 1 |a Phillips, Paul Gary,  |d 1945- 
830 0 |a Indians of the Southeast. 
948 |a c:dm 
999 |a MARS 
999 f f |s eb33290b-e881-312a-b5d4-ce18e31053c3  |i acf19604-0694-39d9-b3da-4d1416b2b375  |t 0 
952 f f |p normal  |a Texas A&M University  |b College Station  |c Sterling C. Evans Library  |d Evans: Library Stacks  |t 0  |e E99.C5 B748 1999  |h Library of Congress classification  |i unmediated -- volume  |m A14824065118 
998 f f |a E99.C5 B748 1999  |t 0  |l Evans: Library Stacks